[Event "POL-chT 1st League"]
[Site "Leba"]
[Date "2023.09.30"]
[Round "8.7"]
[White "Reza, Wojciech"]
[Black "Wolanski, Michal"]
[Result "1-0"]
[WhiteElo "2290"]
[BlackElo "1951"]
[PlyCount "57"]
[EventDate "2023.09.23"]
[EventType "team-swiss"]
[EventRounds "9"]
[EventCountry "POL"]
[SourceTitle "EXT 2024"]
[Source "ChessBase"]
[SourceDate "2023.10.10"]
[SourceVersion "1"]
[SourceVersionDate "2023.10.10"]
[SourceQuality "1"]
[WhiteTeam "Gostynin Gostmat 83"]
[BlackTeam "Bydgoszcz Wiartrak"]
[WhiteTeamCountry "POL"]
[BlackTeamCountry "POL"]

1. e4 c5 2. Nf3 Nc6 3. Bb5 g6 4. Bxc6 dxc6 5. d3 Bg7 6. 0-0 Nf6 7. Nc3 Nd7 8. Be3 e5 9. Qc1 h6 10. a4 Qe7 11. a5 Nf8 12. Na4 Ne6 13. Re1 Nd4 14. Nd2 b5 15. axb6 axb6 16. Bxd4 cxd4 17. Nxb6 Rxa1 18. Qxa1 0-0 19. Nxc8 Rxc8 20. Qa6 Qe8 21. Ra1 Rb8 22. Nc4 f5 23. b3 Qd7 24. Na5 fxe4 25. dxe4 Rb5 26. Qxc6 Qxc6 27. Nxc6 Rc5 28. Nb4 d3 29. c4 1-0

[Event "POL-chT 1st League"]
[Site "Leba"]
[Date "2023.09.23"]
[Round "1.10"]
[White "Wolanski, Michal"]
[Black "Wojdak, Jan"]
[Result "0-1"]
[WhiteElo "1951"]
[BlackElo "2188"]
[PlyCount "62"]
[EventDate "2023.09.23"]
[EventType "team-swiss"]
[EventRounds "9"]
[EventCountry "POL"]
[SourceTitle "EXT 2024"]
[Source "ChessBase"]
[SourceDate "2023.10.10"]
[SourceVersion "1"]
[SourceVersionDate "2023.10.10"]
[SourceQuality "1"]
[WhiteTeam "Bydgoszcz Wiartrak"]
[BlackTeam "Rybnik"]
[WhiteTeamCountry "POL"]
[BlackTeamCountry "POL"]

1. c4 e5 2. g3 Nf6 3. Bg2 c6 4. Nf3 e4 5. Nd4 Qb6 6. Nc2 d5 7. cxd5 cxd5 8. 0-0 Nc6 9. d3 Be7 10. Nc3 0-0 11. b3 Rd8 12. Bb2 Bf5 13. Rc1 Bg6 14. d4 Rac8 15. Bh3 Rc7 16. Na4 Qa6 17. Qd2 b5 18. Nc3 Qb6 19. e3 Bh5 20. Rfe1 a6 21. Ba3 Bxa3 22. Nxa3 h6 23. Nc2 Nh7 24. g4 Ng5 25. Bg2 Bxg4 26. Rf1 Nf3+ 27. Bxf3 Bxf3 28. Ne1 Ne5 29. h3 Qg6+ 30. Kh2 Ng4+ 31. hxg4 Qxg4 0-1

[Event "IBCA EU-chT blind 03rd"]
[Site "Genova"]
[Date "2023.04.22"]
[Round "3.4"]
[White "Bjelanovic, Mile"]
[Black "Wolanski, Michal"]
[Result "1/2-1/2"]
[WhiteElo "2059"]
[BlackElo "1969"]
[PlyCount "78"]
[EventDate "2023.04.20"]
[EventType "team-swiss"]
[EventRounds "9"]
[EventCountry "ITA"]
[SourceTitle "CBM 213 Extra"]
[Source "ChessBase"]
[SourceDate "2023.05.31"]
[SourceVersion "1"]
[SourceVersionDate "2023.05.31"]
[SourceQuality "1"]
[WhiteTeam "Serbia"]
[BlackTeam "Poland"]
[WhiteTeamCountry "SRB"]
[BlackTeamCountry "POL"]

1. e4 c5 2. Nf3 Nc6 3. Bb5 g6 4. Bxc6 dxc6 5. d3 Bg7 6. h3 Nf6 7. a4 Nd7 8. Na3 e5 9. Nc4 Qe7 10. Bd2 Nb6 11. Ncxe5 0-0 12. Bc3 f5 13. 0-0 fxe4 14. dxe4 Be6 15. Qe2 Nc8 16. a5 Nd6 17. a6 Nb5 18. axb7 Nxc3 19. bxc3 Qxb7 20. Qa6 Qxa6 21. Rxa6 Bc8 22. Ra5 Re8 23. Rxc5 a5 24. Ra1 a4 25. Nxc6 Rxe4 26. Nfd4 Bd7 27. f3 Re3 28. Kf2 Ree8 29. f4 Bf8 30. Ra5 Rxa5 31. Nxa5 Rc8 32. c4 Rc5 33. Nb5 a3 34. Nb3 Rxc4 35. Nxa3 Bxa3 36. Rxa3 Rxc2+ 37. Ke3 Rxg2 38. Ra8+ Kf7 39. Ra7 Rg3+ 1/2-1/2

[Event "POL-chT 2nd League"]
[Site "Jastrzebia Gora"]
[Date "2022.09.11"]
[Round "9.22"]
[White "Karbowiak, Adam"]
[Black "Wolanski, Michal"]
[Result "0-1"]
[WhiteElo "2051"]
[BlackElo "1918"]
[PlyCount "66"]
[EventDate "2022.09.03"]
[EventType "team-swiss"]
[EventRounds "9"]
[EventCountry "POL"]
[SourceTitle "CBM 210 Extra"]
[Source "ChessBase"]
[SourceDate "2022.11.30"]
[SourceVersion "1"]
[SourceVersionDate "2022.11.30"]
[SourceQuality "1"]
[WhiteTeam "Grudziadz Rotmistrz"]
[BlackTeam "Bydgoszcz Wiartrak"]
[WhiteTeamCountry "POL"]
[BlackTeamCountry "POL"]

1. Nf3 c5 2. g3 d5 3. Bg2 Nf6 4. 0-0 e6 5. d4 cxd4 6. Nxd4 e5 7. Nf3 Nc6 8. c4 d4 9. e3 Be7 10. exd4 exd4 11. b3 0-0 12. Bb2 Bc5 13. Nbd2 Bg4 14. a3 a5 15. Qc2 Re8 16. Rfe1 Qd7 17. Rxe8+ Rxe8 18. Re1 Rxe1+ 19. Nxe1 Qe7 20. Qc1 Ne5 21. Ndf3 Bxf3 22. Bxf3 Nxf3+ 23. Nxf3 Qe4 24. Qd1 d3 25. Ne1 Bxf2+ 26. Kxf2 Ng4+ 27. Kg1 Qe3+ 28. Kg2 Qf2+ 29. Kh3 h5 30. Nf3 Qxb2 31. Kh4 Nf2 32. Qe1 Qf6+ 33. Ng5 Qd4+ 0-1

[Event "POL-chT 2nd League"]
[Site "Jastrzebia Gora"]
[Date "2022.09.08"]
[Round "6.34"]
[White "Wolanski, Michal"]
[Black "Owoc, Jakub"]
[Result "1-0"]
[WhiteElo "1918"]
[BlackElo "1738"]
[PlyCount "57"]
[EventDate "2022.09.03"]
[EventType "team-swiss"]
[EventRounds "9"]
[EventCountry "POL"]
[SourceTitle "CBM 210 Extra"]
[Source "ChessBase"]
[SourceDate "2022.11.30"]
[SourceVersion "1"]
[SourceVersionDate "2022.11.30"]
[SourceQuality "1"]
[WhiteTeam "Bydgoszcz Wiartrak"]
[BlackTeam "Krakow KKSz"]
[WhiteTeamCountry "POL"]
[BlackTeamCountry "POL"]

1. c4 c5 2. Nc3 g6 3. g3 Bg7 4. Bg2 Nc6 5. Nf3 e6 6. 0-0 Nge7 7. d4 cxd4 8. Nb5 0-0 9. Nbxd4 d5 10. Nxc6 bxc6 11. Qa4 Bd7 12. c5 e5 13. e3 Rb8 14. b4 Qc7 15. Rd1 Bg4 16. Bb2 e4 17. Nd4 Bxd1 18. Rxd1 Nf5 19. Nxc6 Bxb2 20. Nxb8 Rxb8 21. Rxd5 Ne7 22. Rd7 Qe5 23. c6 Nxc6 24. Qxc6 Rxb4 25. Qa8+ Kg7 26. Qxa7 Qf5 27. Rb7 Bc3 28. Rxb4 Bxb4 29. Qd4+ 1-0

[Event "POL-chT 2nd League"]
[Site "Jastrzebia Gora"]
[Date "2022.09.03"]
[Round "1.89"]
[White "Lewandowski, Marek"]
[Black "Wolanski, Michal"]
[Result "0-1"]
[WhiteElo "1758"]
[BlackElo "1918"]
[PlyCount "82"]
[EventDate "2022.09.03"]
[EventType "team-swiss"]
[EventRounds "9"]
[EventCountry "POL"]
[SourceTitle "CBM 210 Extra"]
[Source "ChessBase"]
[SourceDate "2022.11.30"]
[SourceVersion "1"]
[SourceVersionDate "2022.11.30"]
[SourceQuality "1"]
[WhiteTeam "Torun UMK"]
[BlackTeam "Bydgoszcz Wiartrak"]
[WhiteTeamCountry "POL"]
[BlackTeamCountry "POL"]

1. e4 c5 2. Nc3 Nc6 3. Bb5 Nd4 4. Bc4 g6 5. d3 Bg7 6. Nge2 e6 7. Nxd4 cxd4 8. Ne2 Ne7 9. 0-0 0-0 10. Bb3 d5 11. f4 a5 12. a4 b6 13. Ng3 dxe4 14. dxe4 Bb7 15. f5 exf5 16. exf5 Nd5 17. fxg6 hxg6 18. Qg4 Qc8 19. Qxc8 Raxc8 20. Bd2 Ne3 21. Bxe3 dxe3 22. c3 Rcd8 23. Rad1 Rxd1 24. Rxd1 Bh6 25. Bc4 Bf4 26. Nf1 Rc8 27. Bb5 Rc5 28. Re1 Re5 29. Ng3 Rg5 30. Re2 Rd5 31. b4 axb4 32. cxb4 Rd4 33. Nf1 Re4 34. Ng3 Rxb4 35. Nf1 Rb1 36. Bd3 Ra1 37. Bb5 Kg7 38. g3 Bd6 39. Rb2 Bc5 40. Be2 Rxa4 41. Rb3 Ra2 0-1

[Event "Polanica Zdroj op-A 58th"]
[Site "Polanica Zdroj"]
[Date "2022.08.16"]
[Round "4"]
[White "Wolanski, Michal"]
[Black "Siekanska, Zuzanna"]
[Result "1-0"]
[WhiteElo "2005"]
[BlackElo "1712"]
[PlyCount "155"]
[EventDate "2022.08.13"]
[EventType "swiss"]
[EventRounds "9"]
[EventCountry "POL"]
[SourceTitle "CBM 210 Extra"]
[Source "ChessBase"]
[SourceDate "2022.11.30"]
[SourceVersion "1"]
[SourceVersionDate "2022.11.30"]
[SourceQuality "1"]

1. c4 e6 2. Nc3 Nf6 3. Nf3 d5 4. e3 Be7 5. b3 c5 6. Bb2 Nc6 7. cxd5 exd5 8. d4 0-0 9. Be2 Re8 10. 0-0 cxd4 11. Nxd4 Bd6 12. Rc1 Ne5 13. Ncb5 Bb8 14. Qc2 Nfg4 15. Nc7 Nc6 16. Nxe8 Bxh2+ 17. Kh1 Nxd4 18. Nf6+ Nxf6 19. Bxd4 Bd6 20. Bf3 Ne4 21. g3 Bf5 22. Qb2 Qg5 23. Be5 Bxe5 24. Qxe5 Nd2 25. Qxd5 Nxf3 26. Qxf3 Qg6 27. Qf4 Qh5+ 28. Kg1 Bd3 29. Rfe1 Be2 30. Kg2 g5 31. Qf6 Bb5 32. Rc5 Bc6+ 33. f3 h6 34. Rh1 Qg6 35. Qxg6+ fxg6 36. Rxh6 Kg7 37. Rh1 g4 38. e4 Rd8 39. Rf1 Rd4 40. Rc4 Rd7 41. Rf2 gxf3+ 42. Kxf3 Rd3+ 43. Kf4 Kf6 44. Rf3 Rd1 45. Rfc3 g5+ 46. Kf3 Rf1+ 47. Ke2 Rg1 48. a4 g4 49. Kf2 Rb1 50. Re3 Rb2+ 51. Ke1 Ke5 52. Kd1 Rg2 53. Rc2 Rxc2 54. Kxc2 Bxe4+ 55. Kc3 Kd5 56. Re1 Bf3 57. Re7 Kc5 58. b4+ Kc6 59. Kd4 Bd1 60. a5 Bf3 61. Re5 Kd6 62. Rg5 Ke6 63. Ke3 Kd6 64. Kf4 Kc6 65. Rxg4 Bxg4 66. Kxg4 Kb5 67. Kf4 Kxb4 68. g4 Kxa5 69. g5 b5 70. g6 b4 71. g7 Ka4 72. g8Q a5 73. Qa2+ Kb5 74. Ke4 a4 75. Qd5+ Kb6 76. Qc4 Ka5 77. Qc5+ Ka6 78. Qxb4 1-0

[Event "Suwalki Warakomska Memorial 6th"]
[Site "Suwalki"]
[Date "2022.08.10"]
[Round "9"]
[White "Wolanski, Michal"]
[Black "Krainski, Aleksander"]
[Result "0-1"]
[WhiteElo "2015"]
[BlackElo "2072"]
[PlyCount "115"]
[EventDate "2022.08.03"]
[EventType "swiss"]
[EventRounds "9"]
[EventCountry "POL"]
[SourceTitle "CBM 209 Extra"]
[Source "ChessBase"]
[SourceDate "2022.09.30"]
[SourceVersion "1"]
[SourceVersionDate "2022.09.30"]
[SourceQuality "1"]

1. c4 e6 2. Nc3 d5 3. e3 Nf6 4. Nf3 b6 5. b3 Bb7 6. Bb2 Nbd7 7. Be2 a6 8. Qc2 Bd6 9. d4 0-0 10. 0-0 Qe7 11. Rfd1 Rfd8 12. Rac1 c5 13. cxd5 exd5 14. dxc5 bxc5 15. Qf5 Rac8 16. Rc2 Re8 17. Rcd2 Rcd8 18. Bd3 Nf8 19. Bb1 Ng6 20. Ne2 d4 21. exd4 Bf4 22. Nxf4 Bxf3 23. Rf1 Be4 24. Bxe4 Qxe4 25. Qxe4 Nxe4 26. Rc2 Nxf4 27. dxc5 Nd5 28. g3 Nb4 29. Rc4 Nd3 30. Bc1 Nexc5 31. Be3 Ne6 32. Rc6 Nb4 33. Rb6 Rb8 34. Rxb8 Rxb8 35. Bd2 Nxa2 36. Ra1 Nb4 37. Ra4 Nd5 38. b4 h6 39. Kg2 Nd4 40. Rxa6 Nxb4 41. Rd6 Nf5 42. Rd7 Nc6 43. Rc7 Nfe7 44. Bf4 Rc8 45. Rxc8+ Nxc8 46. Kf3 f6 47. g4 Kf7 48. h4 Ke6 49. Bc1 Nd6 50. Ba3 Ne5+ 51. Kf4 g5+ 52. hxg5 hxg5+ 53. Kg3 Ne4+ 54. Kg2 Nxg4 55. f3 Ne3+ 56. Kh3 Nc3 57. Bc5 Ncd5 58. Bd4 0-1

[Event "Suwalki Warakomska Memorial 6th"]
[Site "Suwalki"]
[Date "2022.08.09"]
[Round "8"]
[White "Cap, Piotr"]
[Black "Wolanski, Michal"]
[Result "0-1"]
[WhiteElo "2025"]
[BlackElo "2015"]
[PlyCount "130"]
[EventDate "2022.08.03"]
[EventType "swiss"]
[EventRounds "9"]
[EventCountry "POL"]
[SourceTitle "CBM 209 Extra"]
[Source "ChessBase"]
[SourceDate "2022.09.30"]
[SourceVersion "1"]
[SourceVersionDate "2022.09.30"]
[SourceQuality "1"]

1. e4 c5 2. c3 Nf6 3. e5 Nd5 4. Nf3 e6 5. d4 cxd4 6. cxd4 d6 7. Bd2 Nc6 8. Nc3 Nb6 9. Bb5 Bd7 10. 0-0 Be7 11. exd6 Bxd6 12. Ne4 Be7 13. Nc5 Bc8 14. Bf4 0-0 15. Rc1 Nd5 16. Bg3 Qb6 17. Bxc6 Qxc6 18. Qe2 Qe8 19. Rfd1 b6 20. Ne4 Qd8 21. Nc3 Bb7 22. a3 Rc8 23. Nxd5 Qxd5 24. Bc7 Bc6 25. Be5 Bb5 26. Qe3 h6 27. Rc3 Rxc3 28. Qxc3 Bc6 29. Rc1 Rc8 30. Qe3 Qd7 31. h3 Bd5 32. Rc3 f6 33. Bg3 Rxc3 34. Qxc3 Kf7 35. Nd2 Bc6 36. Nc4 Bb7 37. Ne3 Qc6 38. Qxc6 Bxc6 39. Bb8 a6 40. Kf1 Ke8 41. Ke2 Kd7 42. h4 h5 43. Kd3 Bb5+ 44. Kc3 Bc6 45. Kd3 Bd5 46. Nxd5 exd5 47. f3 Ke6 48. Ke3 Kf5 49. Bg3 b5 50. Bc7 g6 51. Bb8 a5 52. Bc7 a4 53. Kd3 b4 54. axb4 Bxb4 55. Bb8 Be1 56. g3 g5 57. hxg5 fxg5 58. Bd6 Ke6 59. Bc7 Bb4 60. Bd8 Bd6 61. g4 h4 62. Ke2 Bf4 63. Ba5 Bc1 64. Bc3 Kd7 65. Bd2 Bxd2 0-1

[Event "Suwalki Warakomska Memorial 6th"]
[Site "Suwalki"]
[Date "2022.08.05"]
[Round "4"]
[White "Wolanski, Michal"]
[Black "Zaninotto, Franco"]
[Result "0-1"]
[WhiteElo "2015"]
[BlackElo "1985"]
[PlyCount "84"]
[EventDate "2022.08.03"]
[EventType "swiss"]
[EventRounds "9"]
[EventCountry "POL"]
[SourceTitle "CBM 209 Extra"]
[Source "ChessBase"]
[SourceDate "2022.09.30"]
[SourceVersion "1"]
[SourceVersionDate "2022.09.30"]
[SourceQuality "1"]

1. c4 Nf6 2. g3 g6 3. Bg2 Bg7 4. Nc3 0-0 5. Nf3 c6 6. 0-0 d6 7. Rb1 d5 8. d4 Bf5 9. Ra1 dxc4 10. Ne5 Be6 11. e4 Nbd7 12. f4 Nb6 13. a4 a5 14. Be3 Ne8 15. f5 Bc8 16. g4 Nd6 17. Qe2 Nd7 18. fxg6 Nxe5 19. gxh7+ Kxh7 20. dxe5 Bxe5 21. g5 Kg7 22. Rad1 Be6 23. Bf4 Qb6+ 24. Kh1 Qc5 25. Be3 Qb4 26. Qf2 Kg6 27. h4 Rh8 28. Kg1 Rh7 29. Bf3 Rah8 30. h5+ Rxh5 31. Bxh5+ Rxh5 32. Rd2 Rh2 33. Qe1 Rh3 34. Rg2 Qb3 35. Qf2 Nxe4 36. Qe1 Ng3 37. Rxg3 Rxg3+ 38. Kf2 Rh3 39. Kg2 Qxb2+ 40. Bd2 Bxc3 41. Qe4+ Kg7 42. Rf2 Bd5 0-1

[Event "IBCA World-chT blind 9th"]
[Site "Ohrid"]
[Date "2022.07.04"]
[Round "7.4"]
[White "Wolanski, Michal"]
[Black "Meyer, Eric1111"]
[Result "1-0"]
[WhiteElo "2005"]
[BlackElo "1625"]
[PlyCount "93"]
[EventDate "2022.06.28"]
[EventType "team-swiss"]
[EventRounds "9"]
[EventCountry "MKD"]
[SourceTitle "EXT 2024"]
[Source "ChessBase"]
[SourceDate "2023.10.10"]
[SourceVersion "1"]
[SourceVersionDate "2023.10.10"]
[SourceQuality "1"]
[WhiteTeam "Poland"]
[BlackTeam "France"]
[WhiteTeamCountry "POL"]
[BlackTeamCountry "FRA"]

1. c4 e6 2. Nc3 Nf6 3. e3 d5 4. Nf3 c6 5. b3 Bd6 6. Bb2 Nbd7 7. Be2 0-0 8. Qc2 e5 9. g4 dxc4 10. bxc4 Qe7 11. g5 Ne8 12. h4 Nc5 13. d4 exd4 14. Nxd4 Nc7 15. 0-0-0 N7a6 16. a3 Bd7 17. h5 Rad8 18. Rdg1 Be6 19. g6 fxg6 20. hxg6 h6 21. Nxe6 Nxe6 22. c5 Naxc5 23. Bc4 b5 24. Ba2 Rxf2 25. Ne2 Na4 26. Qe4 Nac5 27. Qg4 Re8 28. Rf1 Qg5 29. Qxg5 Rxf1+ 30. Rxf1 hxg5 31. Nd4 a6 32. Nxe6 Nxe6 33. Rf7 Bf8 34. Rc7 c5 35. Bd5 Kh8 36. Ra7 c4 37. Rf7 Nd8 38. Rf3 Ne6 39. Rf7 Nd8 40. Ra7 Rxe3 41. Ra8 Be7 42. Kc2 Rd3 43. Bf7 g4 44. Be5 g3 45. Ra7 g2 46. Rxe7 g1Q 47. Re8# 1-0

[Event "IBCA World-chT blind 9th"]
[Site "Ohrid"]
[Date "2022.07.03"]
[Round "6.2"]
[White "Cizman, Gregor"]
[Black "Wolanski, Michal"]
[Result "0-1"]
[WhiteElo "1522"]
[BlackElo "2005"]
[PlyCount "71"]
[EventDate "2022.06.28"]
[EventType "team-swiss"]
[EventRounds "9"]
[EventCountry "MKD"]
[SourceTitle "EXT 2024"]
[Source "ChessBase"]
[SourceDate "2023.10.10"]
[SourceVersion "1"]
[SourceVersionDate "2023.10.10"]
[SourceQuality "1"]
[WhiteTeam "Slovenia"]
[BlackTeam "Poland"]
[WhiteTeamCountry "SLO"]
[BlackTeamCountry "POL"]

1. d4 Nf6 2. Nf3 e6 3. e3 c5 4. Be2 b6 5. c3 Bb7 6. 0-0 Be7 7. Nbd2 0-0 8. Bd3 d5 9. Qe2 Nc6 10. h3 Re8 11. Re1 Qc7 12. a3 Bd6 13. Qd1 Rad8 14. Qa4 Nd7 15. Bb5 a6 16. Bd3 e5 17. dxe5 Ncxe5 18. Be2 Re6 19. Nxe5 Nxe5 20. f4 Nd7 21. Nf3 Rde8 22. Qc2 Nf6 23. Bd3 Bxf4 24. exf4 Rxe1+ 25. Nxe1 Rxe1+ 26. Kf2 Re8 27. Be3 Qd6 28. Re1 d4 29. cxd4 cxd4 30. Bc1 Rxe1 31. Kxe1 g6 32. Qe2 Kg7 33. h4 Qd5 34. Kf1 b5 35. Bd2 Nh5 36. Qf2 0-1

[Event "IBCA World-chT blind 9th"]
[Site "Ohrid"]
[Date "2022.07.01"]
[Round "4.3"]
[White "Szilagyi, Samuel Attila"]
[Black "Wolanski, Michal"]
[Result "0-1"]
[WhiteElo "1935"]
[BlackElo "2005"]
[PlyCount "76"]
[EventDate "2022.06.28"]
[EventType "team-swiss"]
[EventRounds "9"]
[EventCountry "MKD"]
[SourceTitle "EXT 2024"]
[Source "ChessBase"]
[SourceDate "2023.10.10"]
[SourceVersion "1"]
[SourceVersionDate "2023.10.10"]
[SourceQuality "1"]
[WhiteTeam "Hungary"]
[BlackTeam "Poland"]
[WhiteTeamCountry "HUN"]
[BlackTeamCountry "POL"]

1. e4 c5 2. Nf3 Nc6 3. d4 cxd4 4. Nxd4 e5 5. Nb5 d6 6. N1c3 a6 7. Na3 Be7 8. Nd5 Be6 9. Be3 Bxd5 10. exd5 Nb8 11. Nc4 Nd7 12. a4 Ngf6 13. a5 0-0 14. Be2 Rc8 15. 0-0 Ne8 16. Qd2 f5 17. f4 e4 18. Nb6 Nxb6 19. Bxb6 Qd7 20. c4 Bd8 21. Be3 Bf6 22. Ra2 g6 23. b4 Nc7 24. Rb1 Qf7 25. Rc2 Kh8 26. Rd1 Rfd8 27. Bb6 Rd7 28. c5 dxc5 29. d6 Bd4+ 30. Qxd4+ cxd4 31. Bxd4+ Kg8 32. Bc4 Ne6 33. Bxe6 Rxc2 34. Bxf7+ Kxf7 35. Bc5 Ke6 36. h3 Rd8 37. Rb1 Kd7 38. Rb3 Rc8 0-1

[Event "IBCA World-chT blind 9th"]
[Site "Ohrid"]
[Date "2022.06.29"]
[Round "2.4"]
[White "Strete, Ciprian Iulian"]
[Black "Wolanski, Michal"]
[Result "0-1"]
[WhiteElo "1763"]
[BlackElo "2005"]
[PlyCount "108"]
[EventDate "2022.06.28"]
[EventType "team-swiss"]
[EventRounds "9"]
[EventCountry "MKD"]
[SourceTitle "EXT 2024"]
[Source "ChessBase"]
[SourceDate "2023.10.10"]
[SourceVersion "1"]
[SourceVersionDate "2023.10.10"]
[SourceQuality "1"]
[WhiteTeam "Romania"]
[BlackTeam "Poland"]
[WhiteTeamCountry "ROU"]
[BlackTeamCountry "POL"]

1. d4 Nf6 2. c4 e6 3. Nc3 Bb4 4. Bg5 c5 5. Bxf6 Qxf6 6. e3 Nc6 7. Nf3 b6 8. Rc1 Bb7 9. d5 Bxc3+ 10. Rxc3 Ne7 11. e4 e5 12. g3 Nc8 13. Bg2 Nd6 14. Qc2 0-0 15. 0-0 Qe7 16. Re3 Ba6 17. b3 b5 18. cxb5 Nxb5 19. Rfe1 Nd4 20. Qc3 d6 21. Bf1 Qb7 22. Nd2 Bxf1 23. Rxf1 f5 24. Qc4 f4 25. gxf4 Rxf4 26. Kg2 Raf8 27. Rg3 Qe7 28. f3 Nf5 29. Qd3 Nxg3 30. hxg3 R4f6 31. Rh1 Rg6 32. Rh5 Qf6 33. Rh3 Rh6 34. Rxh6 Qxh6 35. Qe2 Qf6 36. Nc4 h5 37. Ne3 g6 38. Kf2 h4 39. Ng4 hxg3+ 40. Kxg3 Qf4+ 41. Kg2 Rf7 42. Qe3 Kg7 43. Qf2 Qg5 44. Kg3 Rf8 45. Qe3 Qxe3 46. Nxe3 Kf6 47. Kg4 Ke7 48. Ng2 Rh8 49. f4 Rh2 50. Kg3 Rxg2+ 51. Kxg2 exf4 52. Kf3 g5 53. a3 Kf6 54. Kg4 Ke5 0-1

[Event "POL-chT 2nd League"]
[Site "Sypniewo"]
[Date "2021.09.10"]
[Round "7.12"]
[White "Wolanski, Michal"]
[Black "Kaminski, Jan"]
[Result "0-1"]
[WhiteElo "2029"]
[BlackElo "1955"]
[PlyCount "134"]
[EventDate "2021.09.04"]
[EventType "team-swiss"]
[EventRounds "9"]
[EventCountry "POL"]
[SourceTitle "CBM 204 Extra"]
[Source "ChessBase"]
[SourceDate "2021.11.30"]
[SourceVersion "1"]
[SourceVersionDate "2021.11.30"]
[SourceQuality "1"]
[WhiteTeam "Bydgoszcz Wiartrak"]
[BlackTeam "Warszawa Zugzwang"]
[WhiteTeamCountry "POL"]
[BlackTeamCountry "POL"]

1. c4 e5 2. g3 h5 3. Bg2 Bc5 4. Nc3 d6 5. h3 Nc6 6. e3 Nge7 7. Nge2 Bf5 8. d4 exd4 9. Nxd4 Bd7 10. a3 a5 11. b3 Nf5 12. Ndb5 h4 13. g4 Nfe7 14. Bb2 0-0 15. Ne4 Bb6 16. Qc2 Ng6 17. Qc3 f6 18. g5 Bf5 19. gxf6 Bxe4 20. Bxe4 Rxf6 21. Rg1 Nce7 22. 0-0-0 Qf8 23. Rg4 Ne5 24. Rxh4 Rxf2 25. Nd4 Qf6 26. Rg4 Nxg4 27. hxg4 Bxd4 28. Qxd4 Qxd4 29. Bxd4 Raf8 30. Rg1 Rf1+ 31. Rxf1 Rxf1+ 32. Kd2 b6 33. b4 axb4 34. axb4 Rg1 35. Bf3 Rb1 36. Bc3 Rg1 37. Kd3 Kf7 38. Bd4 c5 39. bxc5 bxc5 40. Bc3 g5 41. Ba5 Ke6 42. Bd8 Kd7 43. Ba5 Nc6 44. Bc3 Nb4+ 45. Kd2 Ke6 46. Bb2 d5 47. cxd5+ Nxd5 48. Ba3 c4 49. Bb2 c3+ 50. Bxc3 Nxc3 51. Kxc3 Rg3 52. Bd1 Rxe3+ 53. Kd4 Re1 54. Bf3 Rf1 55. Ke3 Ke5 56. Bg2 Re1+ 57. Kf2 Ra1 58. Bb7 Ra2+ 59. Ke3 Ra3+ 60. Kf2 Rc3 61. Bf3 Kf4 62. Bd1 Rd3 63. Be2 Rd2 64. Kf1 Ke3 65. Bc4 Kf3 66. Ke1 Rb2 67. Be6 Re2+ 0-1

[Event "Online Olym Disabilities"]
[Site "Tornelo INT"]
[Date "2020.11.24"]
[Round "4.5"]
[White "Osypova, Alona"]
[Black "Wolanski, Michal"]
[Result "0-1"]
[WhiteElo "1568"]
[BlackElo "2029"]
[PlyCount "58"]
[EventDate "2020.11.21"]
[EventType "team-swiss (rapid)"]
[EventRounds "7"]
[EventCountry "NET"]
[SourceTitle "CBM 199 Extra"]
[Source "ChessBase"]
[SourceDate "2021.01.31"]
[SourceVersion "1"]
[SourceVersionDate "2021.01.31"]
[SourceQuality "1"]
[WhiteTeam "Ukraine II"]
[BlackTeam "Poland II"]
[WhiteTeamCountry "UKR"]
[BlackTeamCountry "POL"]

1. d4 Nf6 2. Nf3 e6 3. Bg5 Be7 4. e3 0-0 5. Bd3 h6 6. Bf4 d5 7. 0-0 Bd6 8. Bg3 c5 9. c4 Nc6 10. cxd5 Nxd5 11. Nc3 Bxg3 12. hxg3 cxd4 13. exd4 b6 14. Be4 Nce7 15. Qb3 Bb7 16. Rfd1 Rb8 17. Nxd5 Nxd5 18. Rac1 Qd6 19. Ne5 Rfc8 20. Qf3 f5 21. Bxd5 Bxd5 22. Qh5 Rc7 23. a3 Rbc8 24. Rxc7 Qxc7 25. Qe2 Qc2 26. Rd2 Qb1+ 27. Kh2 Rc1 28. g4 f4 29. Nd3 Rh1# 0-1

[Event "Suwalki Warakomska Memorial op 4th"]
[Site "Suwalki"]
[Date "2020.08.11"]
[Round "7"]
[White "Jurkiewicz, Krzysztof1111"]
[Black "Wolanski, Michal"]
[Result "0-1"]
[WhiteElo "2011"]
[BlackElo "1984"]
[PlyCount "84"]
[EventDate "2020.08.06"]
[EventType "swiss"]
[EventRounds "9"]
[EventCountry "POL"]
[SourceTitle "CBM 197 Extra"]
[Source "ChessBase"]
[SourceDate "2020.09.30"]
[SourceVersion "1"]
[SourceVersionDate "2020.09.30"]
[SourceQuality "1"]

1. d4 Nf6 2. c4 e6 3. g3 c5 4. d5 exd5 5. cxd5 d6 6. Nc3 g6 7. Bg2 Bg7 8. Nf3 0-0 9. 0-0 Re8 10. Nd2 a6 11. a4 Nbd7 12. Nc4 Ne5 13. Nxe5 Rxe5 14. Bf4 Re8 15. e4 Rb8 16. Rb1 b5 17. axb5 axb5 18. b4 Ng4 19. Qc2 Qb6 20. h3 cxb4 21. Na2 Ne5 22. Rxb4 Bd7 23. Rfb1 Rec8 24. Qb3 Qa6 25. Nc1 Nc4 26. Ne2 Na3 27. Rd1 Nc2 28. Rb1 Nxb4 29. Qxb4 Be5 30. Be3 Rc4 31. Qd2 Qa4 32. Bf1 Rc2 33. Qd3 Qa2 34. Rb4 Rbc8 35. Nd4 R2c4 36. Rxc4 bxc4 37. Qc2 Qxc2 38. Nxc2 Ba4 39. Na3 c3 40. f4 Bg7 41. Nc4 c2 42. Nb6 Bd4 0-1

[Event "POL-Cup blind"]
[Site "Dzwirzyno"]
[Date "2019.09.06"]
[Round "6"]
[White "Wolanski, Michal"]
[Black "Zoltek, Tadeusz"]
[Result "1/2-1/2"]
[WhiteElo "1995"]
[BlackElo "2094"]
[PlyCount "24"]
[EventDate "2019.09.02"]
[EventType "swiss"]
[EventRounds "9"]
[EventCountry "POL"]
[SourceTitle "EXT 2020"]
[Source "ChessBase"]
[SourceDate "2019.10.17"]
[SourceVersion "1"]
[SourceVersionDate "2019.10.17"]
[SourceQuality "1"]

1. e4 c6 2. d4 d5 3. Nc3 dxe4 4. Nxe4 Bf5 5. Qf3 e6 6. c3 Nd7 7. Bd3 Bg6 8. h4 Ngf6 9. h5 Bxe4 10. Bxe4 Nxe4 11. Qxe4 Nf6 12. Qf3 Qd5 1/2-1/2

[Event "POL-Cup blind"]
[Site "Dzwirzyno"]
[Date "2019.09.05"]
[Round "5"]
[White "Przewoznik, Emil"]
[Black "Wolanski, Michal"]
[Result "0-1"]
[WhiteElo "1752"]
[BlackElo "1995"]
[PlyCount "130"]
[EventDate "2019.09.02"]
[EventType "swiss"]
[EventRounds "9"]
[EventCountry "POL"]
[SourceTitle "EXT 2020"]
[Source "ChessBase"]
[SourceDate "2019.10.17"]
[SourceVersion "1"]
[SourceVersionDate "2019.10.17"]
[SourceQuality "1"]

1. d4 Nf6 2. Nc3 d5 3. Qd3 g6 4. e4 dxe4 5. Nxe4 Nxe4 6. Qxe4 Bg7 7. c3 0-0 8. Nf3 Nd7 9. Bc4 Nf6 10. Qh4 Qd6 11. Ne5 Be6 12. 0-0 Bxc4 13. Nxc4 Qe6 14. Ne5 c5 15. Re1 cxd4 16. Nf3 Qg4 17. Qxg4 Nxg4 18. Nxd4 Bxd4 19. cxd4 e6 20. f3 Nf6 21. Bg5 Nd5 22. Rac1 Rfc8 23. Rxc8+ Rxc8 24. Rc1 Rxc1+ 25. Bxc1 Nb4 26. Bd2 Nc6 27. Bc3 Kf8 28. Kf2 Ke7 29. Ke3 Kd6 30. g4 Kd5 31. Kd3 b5 32. a3 a5 33. b4 axb4 34. axb4 g5 35. Bd2 Nxd4 36. f4 Nf3 37. Be3 Nxh2 38. fxg5 Nxg4 39. Bd2 Ne5+ 40. Ke2 Ke4 41. Bc3 Nf3 42. Bf6 Nd4+ 43. Kd2 Nc6 44. Kc3 Kf4 45. Kb3 e5 46. Kc3 e4 47. Kd2 Nxb4 48. Bd8 Kf3 49. Bb6 Nd5 50. Bc5 e3+ 51. Ke1 Nf4 52. Be7 Nd3+ 53. Kd1 e2+ 54. Kc2 e1Q 55. Kxd3 Qxe7 56. g6 hxg6 57. Kc3 Qc5+ 58. Kb3 Ke3 59. Kb2 Kd3 60. Kb3 Qc4+ 61. Kb2 Qc3+ 62. Ka2 b4 63. Kb1 Qd2 64. Ka1 Kc3 65. Kb1 Qb2# 0-1